000 00677nam a22001937a 4500
005 20251108165531.0
008 250721s1992 xx 000 0 ara d
082 1 4 _aم/920.0561/عرض
100 1 _aالعرضي، عمر بن عبد الوهاب
245 1 0 _aمعادن الذهب في الأعيان المشرفه بهم حلب /
264 1 _aعمان :
_bالجامعة الأردنية - مركز الوثائق و المخطوطات،
_c1992.
300 _a551ص
650 1 7 _aسورية
650 1 7 _aالمدن العربية
650 1 7 _aالتراجم
700 1 _aأبو سليم، عيسي سليمان
_eمحقق
942 _2ddc
_cREF
999 _c30153
_d30153